00562nam a2200169 a 450000500170000000800410001702000180005805000230007610000260009924500400012526000470016530000220021252000920023465000180032665000180034465000300036220140412111305.0010426s19uu xx 00 eng d a0-395-77614-7 aTR(PS EbTo55 1996 aAnderson, Peggy Perry aTo the tub /cPeggy Perry Anderson. aBoston :bHoughton Mifflin Company,c1996. a1v. (unp.) ; ill. aJoe the frog needs a bath, but he makes the trip to the tub a challenge for his father. aFrogs-Fiction aBaths-Fiction aFathers and sons, Fiction